Представление документа в формате RUSMARC

ПолеНазваниеЗначение
  Тип записи a
  Библиографический уровень m
001 Контрольный номер RU/SLIB/B/208737319
005 Дата корректировки 20241028090522.1
010 Индекс ISBN __
d Цена 0-35
100 Данные общей обработки __
a Данные общей обработки 20240111d1988 m y0rusy028902 ca
101 Язык документа 0_
a Язык текста rus
102 Страна публикации __
a Страна публикации RU
105 Кодированные данные (монография) __
a Кодированные данные (монография) a z 000yy
181 Поле кодированных данных: вид содержания _0
a Код вида содержания (ISBD) i
182 Поле кодированных данных: тип средства _0
a Код типа средства (ISBD) n
200 Заглавие и сведения об ответственности 1_
a Заглавие История средиземных морей
f Первые сведения об ответственности П. М. Долуханов ; отв. ред. А. Л. Чепалыга
b Общее обозначение материала Текст
210 Выходные данные 1_
a Место издания М.
c Издательство Наука
d Дата издания 1988
215 Физическое описание __
a Объем 144 с.
c Иллюстрации/тип воспроизводства ил.
225 Серия 2_
a Серия Человек и окружающая среда
330 Аннотация __
a Аннотация Бассейн Средиземного моря - родина великих цивилизаций. Почему именно здесь раньше, чем в других районах Земли, возникли земледелие, скотоводство, письменность? Автор объясняет это сложным сочетанием природных и социальных факторов.
606 Тематические рубрики __
a Основная рубрика Геология
y Географическая подрубрика Средиземное море; Черное море; Каспийское море
2 Код системы nlr_sh
606 Тематические рубрики __
2 Код системы nlr_sh
a Основная рубрика Морская геология
610 Ключевые слова 0_
a Ключевые слова морская геология; климат; растительный мир; животный мир
686 Индексы других классификаций __
a Классификационный индекс 26.38; ст26.3
2 Код системы rubbks
700 Автор _1
a Фамилия Долуханов
b Имя П. М.
4 Код отношения 070
f Даты 1937-2009
g Полное личное имя Павел Маркович
702 Вторичная интеллектуальная ответственность _1
a Фамилия Чепалыга
b Имя А. Л.
4 Код отношения 340
801 Источник записи _0
a Страна RU
b Организация Муниципальное бюджетное учреждение культуры "Централизованная библиотечная система" г. Сургут (Центральная городская библиотека им. А. С. Пушкина)
g Правила каталогизации PSBO
801 Источник записи _1
a Страна RU
b Организация Муниципальное бюджетное учреждение культуры "Централизованная библиотечная система" г. Сургут (Центральная городская библиотека им. А. С. Пушкина)
g Правила каталогизации PSBO
852 Данные о местонахождении __
j Шифр хранения 26.38
c Каталожный индекс 26.38
i Авторский знак Д 64
p Инвентарный номер 33953
901 Тип документа __
t Тип документа m
a Ответственный КиК/Уланова
901 Тип документа __
a Ответственный СКБР2024
903 Характеристики (МАРС) __
c Наименование библиотеки (МАРС) Муниципальное бюджетное учреждение культуры "Централизованная библиотечная система" г. Сургут (Центральная городская библиотека им. А. С. Пушкина)
990 Данные о заказе (DOS) __
j Количество экземпляров (DOS) 1
t N записи в КСУ для И/У (DOS) 199101